000 00371nam a2200133Ia 4500
005 20260326100047.0
008 260326s9999||||xx |||||||||||||| ||und||
100 _aDe Zurko, Enrico
245 0 _aLa teoría del funcionalismo en la Arquitectura /
_cEnrico De Zurko
260 _bEdiciones Nueva Visión
300 _a226 p.
650 _aARQUITECTURA-GENERAL
942 _cBK
999 _c7228
_d7228